Orientalism /

Sonraí bibleagrafaíochta
Príomhchruthaitheoir: Said, Edward W.
Formáid: LEABHAR
Teanga:English
Foilsithe / Cruthaithe: New York ; New Delhi : Penguin Books, c1978, 2001, 2003 [reprinted 2014].
Eagrán:First edition
Ábhair:
Classic Catalogue: View this record in Classic Catalogue
LEADER 02379nam a2200421 a 4500
001 13737
003 BD-DhAAL
005 20260405152326.0
008 100103s2001 nyu b 001 0 eng d
010 |a  78051803  
020 |a 9780143027980 
020 |a 0394428145 
040 |a DLC  |c DLC  |d DLC  |d BD-DhAAL  
082 0 0 |a 950.072  |2 23 
100 1 |a Said, Edward W. 
245 1 0 |a Orientalism /  |c Edward W. Said. 
246 3 0 |a Orientalism  |b western inceptions of the orient 
250 |a First edition 
260 |a New York ;  |a New Delhi :  |b Penguin Books,  |c c1978, 2001, 2003 [reprinted 2014]. 
300 |a v, 396 pages ;  |c 21 cm. 
504 |a Includes bibliographical references and index. 
526 8 |a Refugee Studies Unit (RSU), CPJ BIED 
541 1 |a Book Finder International Donated by Farhana Zahir, Assistant Professor, BRAC Business School, BRAC University  |e 13737, 40877, 41651, 43407 
650 0 |a Orientalism.  |9 53601 
650 0 |a Imperialism. 
650 0 |a East and West. 
651 0 |a Asia  |x Foreign public opinion, Occidental.  |9 53602 
651 0 |a Middle East  |x Foreign public opinion, Occidental.  |9 53603 
651 0 |a Asia  |x Study and teaching.  |9 53604 
651 0 |a Middle East  |x Study and teaching.  |9 53605 
852 1 |a Ayesha Abed Library  |c General Stacks 
942 |2 ddc  |c BK 
999 |c 6693  |d 6693 
952 |0 0  |1 0  |2 ddc  |4 0  |6 950_072000000000000_SAI  |7 0  |9 1857  |a BRACUL  |b BRACUL  |c GEN  |d 2009-07-05  |g 365.00  |l 10  |m 19  |o 950.072 SAI  |p 3010015830  |r 2025-07-07  |s 2025-06-30  |t 2  |w 2009-07-05  |y BK 
952 |0 0  |1 0  |2 ddc  |4 0  |6 950_072000000000000_SAI_2001  |7 0  |9 6864  |a BRACUL  |b BRACUL  |c GEN  |d 2010-01-05  |l 20  |m 171  |o 950.072 SAI  |p 3010013737  |r 2026-04-09  |s 2025-06-23  |t 1  |w 2010-01-05  |y BK 
952 |0 0  |1 0  |2 ddc  |4 0  |6 950_072000000000000_SAI  |7 0  |9 73138  |a CPJ  |b CPJ  |c RSU  |d 2023-02-07  |e Book Finder International  |g 730.17  |l 0  |o 950.072 SAI  |p 3030040877  |r 2023-02-07  |t 3  |v 730.17  |w 2023-02-07  |y BK 
952 |0 0  |1 0  |2 ddc  |4 0  |6 950_072000000000000_SAI  |7 0  |9 74159  |a BIED  |b BIED  |c GEN  |d 2023-08-03  |e Book Finder International  |g 838.03  |l 0  |o 950.072 SAI  |p 3070041651  |r 2023-08-03  |t 4  |v 838.03  |w 2023-08-03  |y BK 
952 |0 0  |1 0  |2 ddc  |4 0  |6 950_072000000000000_SAI  |7 0  |9 78899  |a BRACUL  |b BRACUL  |c NEW  |d 2026-04-05  |g 850.00  |l 0  |o 950.072 SAI  |p 3010045407  |r 2026-04-05  |t 5  |w 2026-04-05  |y BK  |x Donated copy received from Farhana Zahir, Assistant Professor, BRAC Business School, BRAC University on 17 February 2026; Price available in the book